[Event "Chelmno op 4th"]
[Site "Chelmno"]
[Date "2021.??.??"]
[Round "7"]
[White "Kaznowski, Daniel"]
[Black "Przybylski, Bartosz1111"]
[Result "0-1"]
[WhiteElo "1501"]
[BlackElo "1585"]
[PlyCount "50"]
[EventDate "2021.07.19"]
[EventType "swiss"]
[EventRounds "9"]
[EventCountry "POL"]
[SourceTitle "EXT 2022"]
[Source "ChessBase"]
[SourceDate "2021.10.06"]
[SourceVersion "1"]
[SourceVersionDate "2021.10.06"]
[SourceQuality "1"]

1. e4 e5 2. Bc4 Nc6 3. Ne2 Bc5 4. c3 Nf6 5. d4 exd4 6. cxd4 Bb4+ 7. Bd2 Nxe4 8. Bxb4 Nxb4 9. Qb3 Qe7 10. Bxf7+ Qxf7 11. Qxb4 Qxf2+ 12. Kd1 Qxg2 13. Rg1 Nf2+ 14. Kd2 Qxh2 15. Nbc3 Qh6+ 16. Kc2 d6 17. Qc4 Bf5+ 18. Kb3 Bd3 19. Qxc7 0-0 20. Rxg7+ Qxg7 21. Rg1 Bg6 22. Qxd6 Rf6 23. Qc5 Rb6+ 24. Nb5 Rc6 25. Qg5 Nh3 0-1

[Event "Chelmno op 4th"]
[Site "Chelmno"]
[Date "2021.??.??"]
[Round "2"]
[White "Spionkowski, Fabian"]
[Black "Kaznowski, Daniel"]
[Result "0-1"]
[WhiteElo "1638"]
[BlackElo "1501"]
[PlyCount "76"]
[EventDate "2021.07.19"]
[EventType "swiss"]
[EventRounds "9"]
[EventCountry "POL"]
[SourceTitle "EXT 2022"]
[Source "ChessBase"]
[SourceDate "2021.10.06"]
[SourceVersion "1"]
[SourceVersionDate "2021.10.06"]
[SourceQuality "1"]

1. e4 b6 2. d4 e6 3. c4 Bb7 4. Bd3 Nf6 5. Nc3 Bb4 6. Nge2 Nxe4 7. Bxe4 Bxe4 8. 0-0 Bb7 9. a3 Bd6 10. h3 Nc6 11. Nb5 Be7 12. d5 Ne5 13. Bf4 Bf6 14. d6 0-0 15. dxc7 Qe7 16. Nd6 Ba6 17. Rc1 Ng6 18. c8Q Bxc8 19. Nxc8 Rfxc8 20. Bd6 Qd8 21. b4 Be5 22. c5 Bxd6 23. Qxd6 Rc6 24. Qd3 d5 25. Nd4 Rcc8 26. c6 Ne5 27. Qg3 Nc4 28. Rfd1 Qe7 29. Re1 Qf6 30. Rcd1 h6 31. b5 a6 32. a4 Nb2 33. Rd2 Nxa4 34. Ra1 Nc5 35. bxa6 Ne4 36. Qb3 Nxd2 37. Qxb6 Nc4 38. Qc5 e5 0-1

[Event "KPZS-ch"]
[Site "Poland"]
[Date "2005.06.27"]
[Round "5"]
[White "Bursa, Renata"]
[Black "Kaznowski, Daniel"]
[Result "1-0"]
[WhiteElo "2076"]
[BlackElo "1800"]
[PlyCount "49"]
[EventDate "2005.06.25"]
[EventType "swiss"]
[EventRounds "9"]
[EventCountry "POL"]
[SourceTitle "EXT 2007"]
[Source "ChessBase"]
[SourceDate "2006.11.23"]
[SourceVersion "1"]
[SourceVersionDate "2006.11.23"]
[SourceQuality "1"]

1. d4 d5 2. Nf3 Nf6 3. c4 e6 4. Bg5 Be7 5. Nc3 0-0 6. e3 h6 7. Bxf6 Bxf6 8. Qd2 b6 9. Bd3 Bb7 10. cxd5 exd5 11. 0-0-0 Nc6 12. h4 Bc8 13. Rdg1 Bg4 14. Nh2 Be6 15. g4 Bxh4 16. f4 Be7 17. Nf3 f6 18. g5 fxg5 19. Nxg5 hxg5 20. Qh2 g4 21. Bh7+ Kh8 22. Bg6+ Bh4 23. Qxh4+ Qxh4 24. Rxh4+ Kg8 25. Rgh1 1-0